Statistiques concernant Les couleurs en italien

Cliquez ici pour prendre le quiz!

Statistiques générales

  • Ce quiz a été pris 367 fois
  • Le résultat moyen est 8 sur 12

Statistiques - réponses

Couleur en françaisCouleur en italien% Correct
RougeRosso
89%
VertVerde
89%
NoirNero
84%
BlancBianco
82%
RoseRosa
77%
BleuBlu
76%
JauneGiallo
63%
MarronMarrone
63%
GrisGrigio
51%
VioletViola
44%
Bleu clairAzzurro
36%
OrangeArancione
31%

Distribution des résultats

Percentile par nombre de réponses

% des personnes avec chaque résultat

Votre développement - résultats

Vous n’avez pas pris ce quiz